000 01050cam a2200301 a 4500
001 3102534
003 OSt
005 20160810085640.0
008 990113s1999 nyua d 000 0 eng
010 _a 99017787
020 _a0816039097 (acidfree paper)
020 _a0816039100 (pbk. : acidfree paper)
040 _aDLC
_cDLC
_dDLC
050 0 0 _aQD5
_b.F33 1999
082 0 0 _a540.3
_221
245 0 4 _aThe Facts on File dictionary of chemistry /
_cedited by John Daintith.
246 3 0 _aDictionary of chemistry
250 _a3rd ed.
260 _aNew York :
_bFacts on File,
_cc1999.
300 _a266 p. :
_bill. ;
_c24 cm.
650 0 _aChemistry
_vDictionaries.
700 1 _aDaintith, John.
710 2 _aFacts on File, Inc.
906 _a7
_bcbc
_corignew
_d1
_eocip
_f19
_gy-gencatlg
942 _2lcc
_cBOOKS
999 _c13125
_d13125